Uczestnicy Turnieju Szachowego - JetPunk Polska - Statystyki

Ogólne statystyki
  • Ten quiz został rozwiązany 7 razy
  • Średni wynik to 7 z 10
Statystyki odpowiedzi
Pozycja Uczestnik Punkty % Poprawnych
2 Pandryf 4
86%
7 Pixelek23 1,5
86%
4 ziutek200 3
86%
1 Jajolamacz657 4
71%
3 Levisek27 4
71%
7 Neve363 1,5
71%
10 Aetruh 0
57%
9 gggff1 1
57%
4 Fodo 3
43%
4 Joker324 3
43%
Nie znaleziono quizów pasujących do podanych kryteriów
Rozkład punktacji
Procent ludzi z każdym wynikiem
Percentyl według liczby udzielonych odpowiedzi
Twoja historia wyników
Nie rozwiązałeś tego quizu